Sporting CP : Joueurs les plus capés - Statistiques

Statistiques générales
  • Ce quiz a été pris 35 fois
  • Le résultat moyen est 6 sur 50
Statistiques - réponses
Matchs Joueur % Correct
369 Coates
88%
467 Patrício
64%
433 Fernandes
48%
254 Fernandes
48%
313 Liedson
44%
325 Peyroteo
40%
246 Carvalho
32%
259 Moutinho
32%
241 Silva
28%
249 Martins
20%
342 Polga
20%
206 Inácio
16%
228 Sá Pinto
16%
315 Beto
12%
444 Damas
12%
240 Gomes
12%
219 Gomes
12%
474 Hilário
12%
225 Mendes
12%
401 Oceano
12%
342 Barbosa
8%
280 Jordão
4%
260 Morais
4%
337 Vasques
4%
268 Venâncio
4%
317 Albano
0%
243 Araújo
0%
408 Azevedo
0%
211 Caldeira
0%
270 Canário
0%
253 Cardoso
0%
352 Carlos
0%
278 Cruz
0%
229 Faria
0%
232 Figueiredo
0%
222 Iordanov
0%
261 Jorge
0%
243 Jorge
0%
219 Jurado
0%
222 Lourenço
0%
323 Marinho
0%
352 Marques
0%
339 Mourão
0%
226 Passos
0%
205 Peres
0%
211 Sarmento
0%
219 Soeiro
0%
310 Travassos
0%
213 Veríssimo
0%
334 Xavier
0%
Aucun quiz correspondant
Distribution des résultats
% des personnes avec chaque résultat
Percentile par nombre de réponses
Votre historique - résultats
Vous n’avez pas pris ce quiz